Podnik a podnikanie
Na minha lista:
| Autor principal: | |
|---|---|
| Autor Corporativo: | |
| Outros Autores: | , , |
| Formato: | Livro |
| Idioma: | eslovaco |
| Publicado em: |
Bratislava
Vydavateľstvo EKONÓM
2025
|
| Edição: | 1. vydanie |
| Assuntos: | |
| Tags: |
Sem tags, seja o primeiro a adicionar uma tag!
|
MARC
| LEADER | 00000nam a2200000 4500 | ||
|---|---|---|---|
| 001 | 0312507 | ||
| 005 | 20250929124600.8 | ||
| 020 | |a 978-80-225-5242-4 | ||
| 041 | 0 | |a slo | |
| 044 | |a SK | ||
| 245 | 1 | 0 | |a Podnik a podnikanie |c Helena Majdúchová, Stanislava Deáková ; recenzenti: Štefan Majtán, Marián Židó |
| 250 | |a 1. vydanie | ||
| 264 | 1 | |a Bratislava |b Vydavateľstvo EKONÓM |c 2025 | |
| 300 | |a 302 s. [17,506 AH] | ||
| 610 | 2 | 0 | |a podnik |
| 610 | 2 | 0 | |a podnikanie |
| 610 | 2 | 0 | |a cyklus podniku životný |
| 610 | 2 | 0 | |a založenie podniku |
| 610 | 2 | 0 | |a rast podniku |
| 610 | 2 | 0 | |a kríza podniku |
| 610 | 2 | 0 | |a zrušenie podniku |
| 610 | 2 | 0 | |a druhy podnikov |
| 610 | 2 | 0 | |a podnik jednotlivca |
| 610 | 2 | 0 | |a spoločnosti obchodné |
| 610 | 2 | 0 | |a družstvá |
| 610 | 2 | 0 | |a podnik štátny |
| 610 | 2 | 0 | |a združenia podnikov |
| 610 | 2 | 0 | |a súťaž hospodárska |
| 100 | 1 | |a Majdúchová, Helena, 1963- | |
| 700 | 1 | |a Deáková, Stanislava, 1974- | |
| 700 | 1 | |a Majtán, Štefan | |
| 700 | 1 | |a Židó, Marián | |
| 710 | 2 | |a Ekonomická univerzita v Bratislave. Fakulta podnikového manažmentu | |